[Event "Madurai Athens of the East op-C U1700"]
[Site "Madurai"]
[Date "2023.12.26"]
[Round "9"]
[White "Sidharth, Mohan"]
[Black "Nikam, Ravindra"]
[Result "1/2-1/2"]
[WhiteElo "1543"]
[BlackElo "1609"]
[PlyCount "36"]
[EventDate "2023.12.24"]
[EventType "swiss"]
[EventRounds "9"]
[EventCountry "IND"]
[SourceTitle "CB06_2024"]
[SourceDate "2024.02.07"]
[SourceVersion "1"]
[SourceVersionDate "2024.02.07"]
[SourceQuality "1"]

1. d4 d5 2. c4 e6 3. Nc3 Nf6 4. Bg5 Be7 5. e3 Nbd7 6. Nf3 0-0 7. Qc2 c6 8. Be2 dxc4 9. a4 b6 10. Bxc4 Bb7 11. 0-0 Nb8 12. Qe2 Nbd7 13. Qc2 Nb8 14. Qe2 Nbd7 15. Qc2 Nb8 16. Qe2 Nbd7 17. e4 Bc8 18. Qc2 Nb8 1/2-1/2